Elementos de Algebra Lineal (Registro nro. 2832)

Detalles MARC
000 -LEADER
fixed length control field 00687 a2200205 4500
001 - CONTROL NUMBER
control field 37889
005 - DATE AND TIME OF LATEST TRANSACTION
control field 20260407155645.0
008 - FIXED-LENGTH DATA ELEMENTS--GENERAL INFORMATION
fixed length control field 260407a1971 arg spa d
003 - CONTROL NUMBER IDENTIFIER
control field AR-UNSa-BCEJYS
040 ## - CATALOGING SOURCE
Original cataloging agency AR-UNSa-BCEJYS
Language of cataloging spa
Transcribing agency AR-UNSa-BCEJYS
080 ## - UNIVERSAL DECIMAL CLASSIFICATION NUMBER
Universal Decimal Classification number 512.64
Common auxiliary subdivision Algebra lineal y multilineal
100 1# - MAIN ENTRY--PERSONAL NAME
Personal name Marcus, Marvin
245 10 - TITLE STATEMENT
Title Elementos de Algebra Lineal
264 #1 - PRODUCTION, PUBLICATION, DISTRIBUTION, MANUFACTURE, AND COPYRIGHT NOTICE
Place of production, publication, distribution, manufacture México :
Name of producer, publisher, distributor, manufacturer Limusa-Wiley
Date of production, publication, distribution, manufacture, or copyright notice 1971
300 ## - PHYSICAL DESCRIPTION
Extent 243 p.
Dimensions 23 cm.
505 ## - FORMATTED CONTENTS NOTE
Formatted contents note 1. Introducción a los espacios vectoriales - 2. Matrices - 3. Deteriminantes - 4. Raíces características - 5. Funciones cuadráticas .
590 ## - LOCAL NOTE (RLIN)
Local note niveau_biblio:m niveau_hierar:0
700 1# - ADDED ENTRY--PERSONAL NAME
Personal name Minc, Henryk
942 ## - ADDED ENTRY ELEMENTS (KOHA)
Koha item type
Existencias
Withdrawn status Lost status Damaged status Not for loan Home library Current library Shelving location Date acquired Total checkouts Full call number Barcode Date last seen Price effective from Koha item type
        Biblioteca Prof. Eusebio Cleto del Rey Biblioteca Prof. Eusebio Cleto del Rey   07/04/2026   512.64 M322e L24688 07/04/2026 07/04/2026 Libro